000 00517nam a22001577a 4500
003 OSt
005 20151004092036.0
008 151004b xxu||||| |||| 00| 0 eng d
040 _cRUA
082 _aAVM ជ្រា 1989 B065 Or.1
100 _91962
_aជ្រា សន្តាន
245 _aការព្យាបាលជម្ងឺអាប់ សែនៅលើសត្វជ្រូក
260 _aPhnom Penh
_bRUA
_cAVM ជ្រា 1989 B065 Or.1
300 _a72p.
_bill.
_c29cm.
942 _2ddc
_cAVM
999 _c1854
_d1854